000 00290nam a2200109Ia 4500
008 190216s9999||||xx |||||||||||||| ||und||
100 _aOverman
245 0 _aAnu Kenthra Resathanthrathinde Adisthana Sankalpangal
260 _bBhasha Institute
650 _aChemistry-Chemistry
942 _cBK
999 _c38764
_d38764